00845cam a2200253Ia 450000100090000000300060000900500170001500800410003202000150007302000180008803500200010604000350012608200170016110000180017824501460019626000440034230000280038650400560041463000240047063000200049463000310051465000260054565000200057162171386OCoLC20181221200801.0051028s2003 oku b 001 0 eng d a0972545425 a9780972545426 a(OCoLC)62171386 aGZDcGZDdGZDdBAKERdQT7dBSC a242.2bR414S1 aRenner, Rick.10aSparkling gems from the Greek :b365 Greek word studies for every day of the year to sharpen your understanding of God's word /cRick Renner. aTulsa, OK :bTeach All Nations,cc2003. aliii, 1022 p. ;c25 cm. aIncludes bibliographical references (p. 1013-1014).00aBiblevMeditations.00aBiblevPrayers.00aBiblexStudy and teaching. 0aDevotional calendars. 0aChristian life.